Thực hành Javascript (cho Web)
Nội dung sách giới thiệu làm quen với Javascript, dữ liệu và quyết định, hàm và thiết kế mã, tương tác với trình duyệt, cửa sổ và khung, DHTML cho IE4 và NN4...
Na minha lista:
| Autor principal: | |
|---|---|
| Formato: | Livro |
| Idioma: | Undetermined |
| Publicado em: |
Hà Nội
Thống Kê
2003
|
| Assuntos: | |
| Tags: |
Adicionar Tag
Sem tags, seja o primeiro a adicionar uma tag!
|
| Thư viện lưu trữ: | Trung tâm Học liệu Trường Đại học Cần Thơ |
|---|
| LEADER | 00893nam a2200193Ia 4500 | ||
|---|---|---|---|
| 001 | CTU_237956 | ||
| 008 | 210402s9999 xx 000 0 und d | ||
| 082 | |a 005.133 | ||
| 082 | |b S312 | ||
| 100 | |a Nguyễn, Trường Sinh | ||
| 245 | 0 | |a Thực hành Javascript (cho Web) | |
| 245 | 0 | |c Nguyễn Trường Sinh (Chủ biên), Lê Minh Hoàng, Hoàng Đức Hải | |
| 260 | |a Hà Nội | ||
| 260 | |b Thống Kê | ||
| 260 | |c 2003 | ||
| 520 | |a Nội dung sách giới thiệu làm quen với Javascript, dữ liệu và quyết định, hàm và thiết kế mã, tương tác với trình duyệt, cửa sổ và khung, DHTML cho IE4 và NN4... | ||
| 650 | |a Java (Computer program language),Java (Ngôn ngữ chương trình máy tính) | ||
| 904 | |i Minh | ||
| 980 | |a Trung tâm Học liệu Trường Đại học Cần Thơ | ||